[Event "Open"]
[Site "Kavala GRE"]
[Date "2007.08.05"]
[Round "2"]
[White "Milanovic,Da"]
[Black "Velcheva,M"]
[Result "1-0"]
[WhiteElo "2495"]
[BlackElo "2294"]

1.d4 d5 2.c4 c6 3.Nf3 Nf6 4.Nc3 dxc4 5.a4 Bf5 6.Ne5 Nbd7 7.Nxc4 Nb6 8.Ne5 a5
9.e3 e6 10.g4 Bg6 11.h4 Bd6 12.h5 Be4 13.f3 Bxe5 14.fxe4 Bg3+ 15.Kd2 Bd6
16.Bd3 e5 17.g5 Nfd7 18.g6 hxg6 19.hxg6 Rxh1 20.gxf7+ Kxf7 21.Qxh1 Qh8 22.Qg2 Qh4
23.Kc2 Rh8 24.Bd2 Nf6 25.Rg1 Rh7 26.Qg6+ Kf8 27.Rg5 Qh6 28.Qxh6 gxh6 29.Rf5 Nd7
30.Ne2 b6 31.dxe5 Bxe5 32.Nf4 Ke8 33.Ng6 Ng4 34.Be2 Nxe3+ 35.Bxe3  1-0

[Event "12th WY U16 Ol"]
[Site "Singapore SIN"]
[Date "2007.08.05"]
[Round "1"]
[White "Ikeda,J"]
[Black "Yu,Ma"]
[Result "0-1"]
[WhiteElo "2194"]
[BlackElo "2023"]

1.d4 d5 2.c4 c6 3.Nf3 Nf6 4.Nc3 dxc4 5.a4 Bf5 6.e3 e6 7.Bxc4 Bb4 8.O-O Nbd7
9.Qe2 Bg6 10.Rd1 O-O 11.Bd2 Re8 12.Be1 Qb6 13.Nh4 Bh5 14.f3 e5 15.d5 e4 16.dxc6 bxc6
17.a5 exf3 18.Nxf3 Bxf3 19.Qxf3 Qxe3+ 20.Qxe3 Rxe3 21.Bf2 Re7 22.h3 Bc5 23.Bxc5 Nxc5
24.Rd6 Rc8 25.Rad1 h6 26.b4 Nce4 27.Rd8+ Rxd8 28.Rxd8+ Kh7 29.Nxe4 Nxe4 30.Rc8 Nd6
31.Bd3+ g6 32.Rxc6 Rd7 33.b5 Kg7 34.b6 axb6 35.axb6 Kf8 36.Ba6 Ke7 37.Kf2 Kd8
38.Kf3 Ke7 39.Kf4 f6 40.Rc2 Kf7 41.Rc7 Rxc7 42.bxc7 Ke7 43.c8=Q Nxc8 44.Bxc8 Kf7
45.Ke4 Ke7 46.Kd5 f5 47.Ke5 Kf7 48.Be6+ Ke7 49.Bb3 h5 50.h4  0-1

[Event "12th WY U16 Ol"]
[Site "Singapore SIN"]
[Date "2007.08.07"]
[Round "5"]
[White "Brown,An"]
[Black "Anas,N"]
[Result "0-1"]
[WhiteElo "1953"]
[BlackElo "2230"]

1.d4 d5 2.c4 c6 3.Nc3 Nf6 4.Nf3 dxc4 5.a4 Bf5 6.e3 e6 7.Bxc4 Nbd7 8.O-O Be7
9.Qe2 Ne4 10.Nd2 Nxd2 11.Bxd2 Nf6 12.e4 Bg6 13.Rad1 O-O 14.Bf4 Re8 15.Kh1 Qa5
16.f3 Rad8 17.Qf2 Bb4 18.Bd2 Nd7 19.f4 f6 20.f5 Bf7 21.fxe6 Bxe6 22.d5 Ne5
23.Ba2 Bf7 24.Qg3 Ng6 25.Bf4 Nxf4 26.Qxf4 Bxc3 27.bxc3 Qxa4 28.Ra1 Re5 29.c4 Qc2
30.Rfe1 Rde8 31.dxc6 bxc6 32.Qf3 Rxe4 33.Rf1 Qe2 34.Qf5 Qg4 35.Qxg4 Rxg4
36.c5 Re2 37.Bxf7+ Kxf7 38.Rxa7+ Kg6 39.Rg1 Rg5 40.Ra5 Rc2 41.h4 Rgxc5 42.Rxc5 Rxc5
43.Kh2 Rc3 44.Rd1 c5 45.Rd5 c4 46.h5+ Kh6 47.Rc5 Rc1 48.Kg3 c3 49.Kf2 c2
50.Kg3 Rh1 51.Rxc2 Rxh5 52.Rc4 Ra5 53.Kg4 Ra3 54.Rc5 Kg6 55.Kh4 Re3 56.Rc7 Kh6
57.Kg4 Rd3 58.Rb7 Rd5 59.Rf7 Kg6 60.Rc7 h5+ 61.Kg3 Kh6 62.Rc6 Kg5 63.Rc4 g6
64.Kh3 Rd3+ 65.Kh2 f5 66.g3 Re3 67.Kh3 Re4 68.Rc6 h4 69.gxh4+ Rxh4+ 70.Kg3 f4+
71.Kg2 Kf5 72.Rc5+ Kg4 73.Rc4 g5 74.Rb4 Rh8 75.Rc4 Rb8 76.Rc2 Rb3 77.Rd2 Rg3+
78.Kh2 Rh3+ 79.Kg2 f3+ 80.Kg1 Kf4 81.Rd4+ Kg3 82.Rd3 g4 83.Rc3 Rh8 84.Rb3 Ra8
85.Rb1 Ra2 86.Rc1 Rg2+  0-1

[Event "Open"]
[Site "Callao PER"]
[Date "2007.08.08"]
[Round "1"]
[White "Cotrina Moscoso,W"]
[Black "Pacheco,M"]
[Result "1-0"]
[WhiteElo "2183"]
[BlackElo "2405"]

1.d4 d5 2.Nf3 Nf6 3.c4 c6 4.Nc3 dxc4 5.a4 Bf5 6.e3 e6 7.Bxc4 Bb4 8.O-O O-O
9.Qe2 Ne4 10.Nxe4 Bxe4 11.Rd1 Nd7 12.Bd2 Qa5 13.Bxb4 Qxb4 14.Ng5 Bg6 15.Bd3 Qe7
16.f4 Rfd8 17.Bxg6 hxg6 18.Qe1 Nf8 19.Rac1 Rac8 20.b4 Nh7 21.h4 Nf6 22.e4 Rc7
23.Qc3 Rcd7 24.Rd3 Ne8 25.Re1 Qf6 26.e5 Qxf4 27.Re4 Qf5 28.Rf3 Qxe4 29.Nxe4 Rxd4
30.Nf2 R8d5 31.Rd3 Rxh4 32.Rxd5 exd5 33.g4 f5 34.Qc5  1-0

[Event "Tsiolkovsky Mem"]
[Site "Kaluga RUS"]
[Date "2007.08.08"]
[Round "6"]
[White "Burlov,V"]
[Black "Vlasov,An"]
[Result "1/2-1/2"]
[WhiteElo "2399"]
[BlackElo "2262"]

1.d4 d5 2.c4 c6 3.Nf3 Nf6 4.Nc3 dxc4 5.a4 Bf5 6.e3 e6 7.Bxc4 Bb4 8.O-O O-O
9.Qe2 Bg6 10.Na2 Bd6 11.b4 Nbd7 12.Qb2 Qc7 13.Bd2 Ne4 14.Rfc1 Nxd2 15.Qxd2 Bh5
16.h3 Bxf3 17.gxf3 Qd8 18.f4 Qh4 19.Kg2 Kh8 20.Rh1 Rad8 21.Rag1 e5 22.fxe5 Bxe5
23.Kf1 Nf6 24.Qc2 Bxd4 25.exd4 Rxd4 26.Bd3 Rfd8 27.Rg3 Nh5 28.Re3 Nf4 29.Nc1 Nd5
30.Rf3 Nxb4 31.Qb3 Qg5 32.Qc3 Nxd3 33.Nxd3 Qd5 34.Nb2 b5 35.Rg1 b4 36.Qb3 Qxb3
37.Rxb3 R8d6 38.Rg5 g6 39.Ra5 Rd7 40.Rc5 R7d6 41.Nc4 Rf6 42.Kg2 Kg7 43.a5 Rd5
44.Rxd5 cxd5 45.Ne3 Ra6 46.Rxb4 Rxa5 47.Kf3 Kf6 48.h4 Ke6 49.Kf4 f6 50.Nc2 Kd6
51.Ke3 Ke5 52.Kd3 h5 53.f4+ Kd6 54.Kd4 Ra2 55.Kc3 Kc5 56.Rb7 Ra4 57.Ne1 Rc4+
58.Kd2 Kc6 59.Rg7 Rxf4 60.Rxg6 Rxh4 61.Rxf6+ Kb5 62.Rd6 Kc4 63.Rc6+ Kb5 64.Rd6 Rd4+
65.Kc3 Rc4+ 66.Kd3 Rc5 67.Rxd5  1/2-1/2

[Event "Jihlavanka Cup GMB"]
[Site "Olomouc CZE"]
[Date "2007.08.08"]
[Round "10"]
[White "Tikkanen,H"]
[Black "Haznedaroglu,K"]
[Result "0-1"]
[WhiteElo "2394"]
[BlackElo "2440"]

1.d4 d5 2.c4 c6 3.Nf3 Nf6 4.Nc3 dxc4 5.a4 Bf5 6.Ne5 Nbd7 7.Nxc4 Qc7 8.g3 e5
9.dxe5 Nxe5 10.Bf4 Nfd7 11.Bg2 f6 12.O-O Nc5 13.Ne3 Be6 14.b4 Rd8 15.Qc2 Na6
16.b5 Nb4 17.Qe4 Bc5 18.Rad1 O-O 19.Nc4 Rxd1 20.Rxd1 Bd5 21.Bxe5 fxe5 22.Qxe5 Qxe5
23.Nxe5 Bxf2+ 24.Kh1 Bxg2+ 25.Kxg2 Nc2 26.Ng4 Bd4 27.Rc1 Ne3+ 28.Nxe3 Bxe3
29.Rd1 cxb5 30.axb5 h5 31.Ne4 Rf5 32.Rd8+ Kh7 33.Re8 Bd4 34.Nd6 Rd5 35.Re6 a6
36.Kf3 Rc5 37.bxa6 bxa6 38.Ke4 Bb2 39.h4 a5 40.Nf7 Bf6 41.Ra6 Kg6 42.Nd6 Re5+
43.Kd3 Re6 44.Rb6 Be5  0-1

[Event "ch-Euro Rapid Women"]
[Site "Predeal ROM"]
[Date "2007.08.08"]
[Round "1"]
[White "Cmilyte,V"]
[Black "Traistaru,T"]
[Result "1-0"]
[WhiteElo "2467"]
[BlackElo "2137"]

1.d4 d5 2.c4 c6 3.Nc3 Nf6 4.Nf3 dxc4 5.a4 Bf5 6.Ne5 Nbd7 7.Nxc4 e6 8.g3 Bb4
9.Bg2 O-O 10.O-O Qe7 11.Na2 Be4 12.Nxb4 Bxg2 13.Kxg2 Qxb4 14.b3 c5 15.Bd2  1-0

[Event "ch-AUT"]
[Site "Tweng AUT"]
[Date "2007.08.08"]
[Round "5"]
[White "Pachta,P"]
[Black "Pilaj,H"]
[Result "1/2-1/2"]
[WhiteElo "2266"]
[BlackElo "2388"]

1.d4 d5 2.c4 c6 3.Nf3 Nf6 4.Nc3 dxc4 5.a4 Bf5 6.Nh4 Bd7 7.Nf3 e6 8.e4 Bb4
9.e5 Ne4 10.Qc2 Qa5 11.Qxe4 Bxc3+ 12.Nd2 Bb4 13.Bxc4 c5 14.Qxb7 O-O 15.d5 exd5
16.Bxd5 Na6 17.O-O Bxd2 18.Bxd2 Qxd2 19.Qxd7 Rad8 20.Qxa7 Rxd5 21.Qxa6 Rxe5
22.Qb7 c4 23.Qb6 Re2 24.Rfb1 Rfe8 25.h3 h6 26.a5 R8e6 27.Qb8+  1/2-1/2

[Event "Open"]
[Site "Callao PER"]
[Date "2007.08.09"]
[Round "2"]
[White "Condori,E"]
[Black "Alonso,S"]
[Result "0-1"]
[WhiteElo "2207"]
[BlackElo "2403"]

1.d4 d5 2.c4 c6 3.Nf3 Nf6 4.Nc3 dxc4 5.a4 Bf5 6.e3 e6 7.Bxc4 Bb4 8.O-O O-O
9.Qe2 Bg6 10.Ne5 Nbd7 11.Nxg6 hxg6 12.Rd1 Qe7 13.Bd2 e5 14.Be1 a5 15.Qc2 e4
16.Rac1 Rfe8 17.Be2 g5 18.d5 Qe5 19.dxc6 bxc6 20.Nb1 Bxe1 21.Rxe1 g6 22.Qxc6 Qxb2
23.Qc3 Qb8 24.Qc7 Rc8 25.Qxb8 Raxb8 26.Bb5 Ne5 27.Red1 Nd3 28.Rxc8+ Rxc8
29.Nd2 Nb2 30.Rf1 Rc3 31.h3 Kf8 32.Rb1 Rc2 33.Nb3 Nd3 34.Rf1 Nd5 35.Nxa5 Nc3
36.Nb3 Rb2 37.Nd4 Kg7 38.Bc6 Ra2 39.Nb3 Ra3 40.Nd2 f5 41.Nc4 Ra2 42.a5 Kf6
43.Bb7 Nc5 44.Bc6 Nb3 45.f3 exf3 46.Rxf3 Nxa5 47.Nxa5 Rxa5 48.Rf2 Nd1 49.Rd2 Nxe3
50.Rd6+ Ke5 51.Rxg6 Kf4 52.Kf2 Ra2+ 53.Kg1 g4 54.hxg4 fxg4 55.Re6 Re2 56.Bb5 Rxg2+
57.Kh1 Rb2 58.Bc6 Nf5 59.Re1 Nh4 60.Kg1 Kg3  0-1

[Event "Open"]
[Site "Kavala GRE"]
[Date "2007.08.09"]
[Round "6"]
[White "Ivanisevic,I"]
[Black "Mastrovasilis,D"]
[Result "1-0"]
[WhiteElo "2595"]
[BlackElo "2541"]

1.d4 d5 2.c4 c6 3.Nf3 Nf6 4.Nc3 dxc4 5.a4 Bf5 6.Ne5 Na6 7.e3 Nb4 8.Bxc4 e6
9.O-O Bd6 10.Qe2 Nc2 11.Ra2 Nb4 12.Ra3 Ne4 13.f3 Nxc3 14.bxc3 Bxe5 15.e4 Bxd4+
16.cxd4 Bg6 17.Bb2 O-O 18.a5 Qe7 19.f4 f6 20.Rg3 Kh8 21.Bc3 c5 22.f5 Be8
23.Bxb4 cxb4 24.Bxe6 Bf7 25.d5 Bxe6 26.fxe6 Rac8 27.Qg4 Rfd8 28.h4 Rc3 29.Rd1 g6
30.Qf4 Kg7 31.Rf1 Rf8 32.Qf2 Qc7 33.Rxc3 bxc3 34.Qd4 c2 35.Rc1 Rd8 36.Qd2 Rc8
37.d6 Qc5+ 38.Kh1 Rd8 39.e7 Rxd6 40.e8=N+  1-0

[Event "Open"]
[Site "Callao PER"]
[Date "2007.08.10"]
[Round "3"]
[White "Alonso,S"]
[Black "Avalos Parra,J"]
[Result "1-0"]
[WhiteElo "2403"]
[BlackElo "2267"]

1.Nf3 d5 2.d4 c6 3.c4 Nf6 4.Nc3 dxc4 5.a4 Bf5 6.Ne5 Na6 7.e3 Nb4 8.Bxc4 e6
9.O-O Nc2 10.e4 Nxe4 11.Qxc2 Qxd4 12.Nxe4 Qxe5 13.f3 Bc5+ 14.Kh1 Bb6 15.Qc3 Bd4
16.Qb4 O-O-O 17.Bg5 Rd7 18.Bh4 Bxe4 19.Bg3 Qg5 20.fxe4 Be5 21.Rxf7 Bxg3 22.Rxd7  1-0

[Event "6th Int Open"]
[Site "Davos SUI"]
[Date "2007.08.10"]
[Round "5"]
[White "Gonda,L"]
[Black "Karl,H"]
[Result "1/2-1/2"]
[WhiteElo "2485"]
[BlackElo "2243"]

1.d4 d5 2.c4 c6 3.Nc3 Nf6 4.Nf3 dxc4 5.a4 Bf5 6.Nh4 Bg4 7.h3 Bd7 8.e4 e6
9.Nf3 b5 10.e5 Nd5 11.Be2 Nxc3 12.bxc3 Be7 13.Nd2 a5 14.Ne4 O-O 15.h4 Na6
16.Rh3 f5 17.exf6 Bxf6 18.Bg5 Bxg5 19.hxg5 e5 20.Rh4 exd4 21.Qxd4 Bf5 22.Qxd8 Rfxd8
23.axb5 cxb5 24.Rxa5 Nc7 25.Rxa8 Rxa8 26.Nd6 Ra1+ 27.Kd2 Ra2+ 28.Ke3 Nd5+
29.Kf3 Bd7 30.Nxc4 bxc4 31.Bxc4 Ra5 32.Re4 Kf7 33.Kg3 Be6 34.f4 Nc7 35.Bxe6+ Nxe6
36.Kg4 g6 37.Rb4 Rc5 38.c4 Rc7 39.Kf3 Ke7 40.Ke4 Nc5+ 41.Kd4 Ne6+ 42.Ke4 Kd6
43.Rb6+ Ke7 44.Rb4  1/2-1/2

[Event "Scandinavian Chess Tournament"]
[Site "Taby SWE"]
[Date "2007.08.10"]
[Round "9"]
[White "Vanderhallen,N"]
[Black "Blomqvist,E"]
[Result "1-0"]
[WhiteElo "2228"]
[BlackElo "2313"]

1.d4 d5 2.c4 c6 3.Nf3 Nf6 4.Nc3 dxc4 5.a4 Bf5 6.e3 e6 7.Bxc4 Bb4 8.O-O O-O
9.Qe2 Bg6 10.Ne5 Nbd7 11.Nxg6 hxg6 12.Rd1 Qa5 13.Na2 Qxa4 14.e4 Qa5 15.e5 Nd5
16.h4 Rfe8 17.Rd3 c5 18.dxc5 Nxc5 19.Rg3 Ne7 20.h5 Rad8 21.Bg5 Rd4 22.Bb5 Re4
23.Qf1 Nc6 24.Bxc6 bxc6 25.Nc3 Qb6 26.Nxe4 Nxe4 27.Rg4 Nxg5 28.Rxg5 Be7 29.Rg3 gxh5
30.Qe2 h4 31.Rg4 Rb8 32.Ra2 Rd8 33.Ra6 Qb7 34.Rga4 Ra8 35.Qc2 c5 36.b3 h3
37.Qe4 Qxe4 38.Rxe4 hxg2 39.Rea4 Rb8 40.Rxa7 Bf8 41.Rf4 Rxb3 42.Rfxf7 Rb2
43.Rf4 Rb8 44.Kxg2 Rc8 45.Rff7 Kh7 46.Rfc7 Re8 47.Kf3 Kg6 48.Kg4  1-0

[Event "Romanian Open"]
[Site "Predeal ROM"]
[Date "2007.08.11"]
[Round "1"]
[White "Gleizerov,E"]
[Black "Nemes,S"]
[Result "1/2-1/2"]
[WhiteElo "2559"]
[BlackElo "2150"]

1.d4 d5 2.c4 c6 3.Nf3 Nf6 4.Nc3 dxc4 5.a4 Bf5 6.e3 e6 7.Bxc4 Bb4 8.Ne5 Nbd7
9.Nxd7 Nxd7 10.O-O O-O 11.e4 Bg6 12.f3 Rc8 13.Be3 Qe7 14.a5 Rfd8 15.Qe2 f6
16.a6 b6 17.Rfd1 Bf7 18.f4 f5 19.Bd3 Nf6 20.exf5 Bh5 21.Qc2 Bxc3 22.bxc3 Bxd1
23.Rxd1 exf5 24.Re1 g6 25.Bf2 Qf7 26.Bh4 Re8 27.Re5 Nd7 28.Qe2 Nxe5 29.fxe5 b5
30.Bb1 c5 31.dxc5 Rxc5 32.Ba2 Rc4 33.Bf2 Qe6 34.Bxa7 Qxe5 35.Qxe5 Rxe5 36.Bb8 Re2
37.Bb3 Re6 38.a7 Ra6 39.Kf2 Kf7 40.Ke3 Ke6 41.Bxc4+ bxc4 42.Kd4 Kd7 43.Kxc4 Kc6
44.Kd4 g5 45.Ke5 f4 46.Kf5 Ra5+ 47.Kg4 Kb7 48.g3 h5+ 49.Kf3 fxg3 50.hxg3 Rc5
51.Ke4 Rxc3 52.Kf5 g4 53.Kg5 Rc5+ 54.Kh4 Rf5 55.Bf4 Kxa7 56.Bg5 Rf3 57.Kxh5 Rxg3
58.Kh4 Rg2 59.Bf4 Kb6 60.Bg3 Kc5 61.Kxg4 Kd4 62.Kf3 Rxg3+ 63.Kxg3  1/2-1/2

[Event "Open"]
[Site "Callao PER"]
[Date "2007.08.12"]
[Round "6"]
[White "Hungaski,R"]
[Black "Alonso,S"]
[Result "0-1"]
[WhiteElo "2399"]
[BlackElo "2403"]

1.d4 d5 2.c4 c6 3.Nf3 Nf6 4.Nc3 dxc4 5.a4 Bf5 6.e3 e6 7.Bxc4 Bb4 8.O-O O-O
9.Qe2 Bg6 10.Ne5 Nbd7 11.Nxg6 hxg6 12.Rd1 Qe7 13.Bd2 e5 14.Be1 a5 15.Qc2 e4
16.Qb3 Nb6 17.Bf1 Rad8 18.Rac1 Nbd5 19.h3 g5 20.Be2 g6 21.Rc2 Kg7 22.Rdc1 Nc7
23.Na2 Bxe1 24.Rxe1 Ne6 25.Qa3 Qc7 26.g3 Rh8 27.Kg2 g4 28.hxg4 Qc8 29.Nc3 Ng5
30.Qc5 Nf3 31.Bxf3 exf3+ 32.Kxf3 Qxg4+ 33.Kg2 Rh5 34.d5 Rh2+ 35.Kxh2 Qf3  0-1

[Event "Open"]
[Site "Callao PER"]
[Date "2007.08.13"]
[Round "8"]
[White "Lafuente,P"]
[Black "Cordova,Em"]
[Result "1/2-1/2"]
[WhiteElo "2454"]
[BlackElo "2492"]

1.d4 Nf6 2.c4 c6 3.Nf3 d5 4.Nc3 dxc4 5.a4 Bf5 6.e3 e6 7.Bxc4 Nbd7 8.O-O Bb4
9.Qe2 Bg6 10.Rd1 Qc7 11.Bd3 e5 12.Bxg6 hxg6 13.h3 O-O 14.Qc2 Rad8 15.Bd2 Bd6
16.Be1 a6 17.Ne2 exd4 18.Rxd4 Ne5 19.Ng5 c5 20.Rdd1 Rfe8 21.Bc3 Qc6 22.Nf4 Ned7
23.Nxf7 Kxf7 24.Bxf6 gxf6 25.Qxg6+ Kf8 26.Qh6+ Kg8 27.Qg6+ Kf8 28.Qh6+ Kg8  1/2-1/2

[Event "Open"]
[Site "Ptuj SLO"]
[Date "2007.08.13"]
[Round "3"]
[White "Gruskovnjak,T"]
[Black "Buzeti,J"]
[Result "1/2-1/2"]
[WhiteElo "2348"]
[BlackElo "2108"]

1.d4 d5 2.c4 c6 3.Nc3 Nf6 4.Nf3 dxc4 5.a4 Bf5 6.Ne5 e6 7.Nxc4 Bb4 8.Bg5 Nbd7
9.f3 h6 10.Bh4 Nb6 11.e4 Nxc4 12.Bxc4 Qa5 13.O-O Bh7 14.Na2 Be7 15.b4 Qc7
16.Bf2 O-O 17.Qb3 Rfd8 18.Rfd1 Rd7 19.Rac1 Rad8 20.b5 c5 21.Be2 Bxe4 22.Bg3 Qb6
23.a5 Qxa5 24.fxe4 Nxe4 25.Be1 Qb6 26.Nc3 Nxc3 27.Qxc3 cxd4 28.Qd3 Bg5 29.Ra1 Be3+
30.Kh1 Qc5 31.Qe4 Qd5 32.Qc2 e5 33.Bc4 Rc7 34.Bxd5 Rxc2 35.Bxb7 f5 36.Ba5 Rb8
37.Bc6 e4 38.Bc7 Rc8 39.Be5 d3 40.Bd7 R8c5 41.Bd6 R5c3 42.Bxf5 d2 43.Bb4 Rc7
44.Bxe4 Rc1 45.Rb1 Kh8 46.Bc6 a6 47.Ba3 Rxb1 48.Rxb1 axb5 49.Bf3 Rc1+ 50.Rxc1 dxc1=Q+
51.Bxc1 Bxc1 52.Kg1 Kg8 53.Kf2 Kf7 54.Be2  1/2-1/2

[Event "17th Chess Festival"]
[Site "Abu Dhabi UAE"]
[Date "2007.08.14"]
[Round "3"]
[White "Sturua,Z"]
[Black "Moradiabadi,E"]
[Result "1/2-1/2"]
[WhiteElo "2517"]
[BlackElo "2540"]

1.d4 d5 2.c4 c6 3.Nf3 Nf6 4.Nc3 dxc4 5.a4 Bf5 6.Ne5 Nbd7 7.Nxc4 Nb6 8.Ne5 a5
9.g3 e6 10.Bg2 Bb4 11.O-O O-O 12.Bg5 h6 13.Bxf6 Qxf6 14.e3 Rfd8 15.Qb3 Nd7
16.f4 Qe7 17.Na2 Nxe5 18.fxe5 Ra6 19.Nxb4 Qxb4 20.Qxb4 axb4 21.Rfc1 b3 22.Rc5 Rda8
23.a5 Bc2 24.Kf2 b6 25.Rxc6 Rxa5 26.Rxa5 Rxa5 27.Rxb6 Ra2 28.d5 exd5 29.Bxd5 Rxb2
30.Ke1  1/2-1/2

[Event "17th Chess Festival"]
[Site "Abu Dhabi UAE"]
[Date "2007.08.14"]
[Round "3"]
[White "Neverov,V"]
[Black "Sundararajan,K"]
[Result "1/2-1/2"]
[WhiteElo "2541"]
[BlackElo "2443"]

1.d4 d5 2.c4 c6 3.Nc3 Nf6 4.Nf3 dxc4 5.a4 Bf5 6.e3 e6 7.Bxc4 Bb4 8.O-O O-O
9.Qe2 Nbd7 10.e4 Bg6 11.Bd3 Bh5 12.e5 Nd5 13.Nxd5 cxd5 14.Qe3 Bg6 15.Ng5 Re8
16.f4 Bxd3 17.Qxd3 f5 18.Be3 Nf8 19.Kh1 Be7 20.Nf3 Rc8 21.Rf2 Qd7 22.Rg1 Qxa4
23.g4 Qc4 24.Qd1 Rc7 25.h4 Bd8 26.h5 a5 27.Rfg2 a4 28.Bf2 Qb3 29.Qxb3 axb3
30.Nd2 fxg4 31.Nxb3 Rc2 32.Be1 Rxg2 33.Rxg2 Bb6 34.Rxg4 Kf7 35.Kg2 Rc8 36.Bc3 Nd7
37.Kf3 Bd8 38.Rg1 Nb8 39.Nc5 b6 40.Nd3 Nc6 41.f5 exf5 42.Nf4 Ne7 43.e6+ Kf8
44.Bb4 Rc4 45.Bd6 Rxd4 46.Be5 Re4 47.Bxg7+ Ke8 48.Ra1 Nc6 49.Ra8 Ke7 50.Rc8 Rc4
51.Kg3 Kd6 52.Bf8+ Be7 53.Bxe7+ Nxe7 54.Rh8 Ke5 55.Rxh7 Rxf4 56.Rxe7 Rg4+
57.Kf3 Rh4 58.Rb7 Rh3+ 59.Kg2 Rxh5 60.e7 Rh8 61.Kf3 Re8 62.b4 Kd6 63.Rxb6+ Kxe7
64.Kf4 Kd7 65.Kxf5 Kc7 66.Rh6 Re4 67.b5 Rb4  1/2-1/2

[Event "17th Chess Festival"]
[Site "Abu Dhabi UAE"]
[Date "2007.08.14"]
[Round "3"]
[White "Anastasian,A"]
[Black "Hossain,Enam"]
[Result "1/2-1/2"]
[WhiteElo "2555"]
[BlackElo "2485"]

1.d4 d5 2.c4 c6 3.Nf3 Nf6 4.Nc3 dxc4 5.a4 Bf5 6.Ne5 Nbd7 7.Nxc4 Qc7 8.Bg5 e5
9.e3 Be7 10.Bd3 Bxd3 11.Qxd3 Rd8 12.O-O Nc5 13.Qf5 exd4 14.Bxf6 Bxf6 15.Qxc5 dxc3
16.bxc3 b6  1/2-1/2

[Event "New England Masters"]
[Site "Peabody USA"]
[Date "2007.08.14"]
[Round "3"]
[White "Yanayt,E"]
[Black "Bournival,B"]
[Result "0-1"]
[WhiteElo "2335"]
[BlackElo "2291"]

1.d4 d5 2.c4 c6 3.Nf3 Nf6 4.Nc3 dxc4 5.a4 Bf5 6.e3 e6 7.Bxc4 Bb4 8.O-O O-O
9.Qe2 Bg6 10.Bd3 Bxd3 11.Qxd3 Nbd7 12.e4 Bxc3 13.bxc3 Nc5 14.Qb1 Ncxe4 15.Ba3 Re8
16.Qxb7 Nxc3 17.Ne5 Qxd4 18.Qxf7+ Kh8 19.Nxc6 Qe4 20.Be7 Ne2+ 21.Kh1 Nf4
22.f3 Qc2 23.Rg1 Nd3 24.Raf1 Nd5 25.Qxe6 Nxe7 26.Nxe7 Nf2+ 27.Rxf2 Qxf2 28.h3 Qh4
29.Re1 Qxa4 30.Qf7 Rf8 31.Qh5 Qa6 32.Qg4 Rad8 33.Re6 Rd6 34.Re4 Rd1+ 35.Kh2 Qf6
36.f4 Rd4 37.f5 Rxe4 38.Qxe4 Re8 39.Ng6+ Qxg6  0-1

[Event "RC Sport Open"]
[Site "Ceska Trebova CZE"]
[Date "2007.08.15"]
[Round "7"]
[White "Tikkanen,H"]
[Black "Haba,P"]
[Result "0-1"]
[WhiteElo "2394"]
[BlackElo "2526"]

1.d4 d5 2.c4 c6 3.Nf3 Nf6 4.Nc3 dxc4 5.a4 Bf5 6.Ne5 Nbd7 7.Nxc4 Qc7 8.g3 e5
9.dxe5 Nxe5 10.Bf4 Nfd7 11.Bg2 g5 12.Bxe5 Nxe5 13.Qd4 f6 14.O-O-O Be7 15.Ne3 Be6
16.Qe4 Bb3 17.Rd2 Nd7 18.Nf5 Nc5 19.Qe3 Qe5 20.Be4 Nxe4 21.Nxe4 Bd5 22.Ned6+ Bxd6
23.Nxd6+ Ke7 24.Qxe5+ fxe5 25.e4 Kxd6 26.Rhd1 Rac8 27.Kb1 Rhf8 28.exd5 c5
29.Re1 Rf3 30.h4 gxh4 31.Rh1 Rcf8 32.Rxh4 Rxf2 33.Rd3 R8f7 34.Rg4 R2f6 35.Rg8 Rf8
36.Rg7 R6f7 37.Rg4 Re7 38.Re4 Rg8 39.Kc2 h5 40.Kc3 Rg4  0-1

[Event "Open"]
[Site "Ptuj SLO"]
[Date "2007.08.17"]
[Round "7"]
[White "Jelen,Ig"]
[Black "Buzeti,J"]
[Result "1-0"]
[WhiteElo "2371"]
[BlackElo "2108"]

1.d4 d5 2.c4 c6 3.Nf3 Nf6 4.Nc3 dxc4 5.a4 Bf5 6.Ne5 e6 7.f3 c5 8.e4 Bg6 9.Be3 cxd4
10.Qxd4 Qxd4 11.Bxd4 Nfd7 12.Nxd7 Nxd7 13.Bxc4 a6 14.h4 h6 15.Rc1 Rc8 16.Ba2 Bc5
17.Ne2 e5 18.Bxc5 Rxc5 19.Kf2 Ke7 20.b4 Rcc8 21.Bd5 b6 22.Bb7 Rxc1 23.Rxc1 a5
24.Nc3 Rb8 25.Nd5+ Kd8 26.Ba6 f6 27.Bb5 Bf7 28.Rc7 Be6 29.bxa5 bxa5 30.Ra7 Rc8
31.Rxa5 f5 32.Ra6 Rc2+ 33.Kg1  1-0

[Event "LNA Copa Puma"]
[Site "Argentina ARG"]
[Date "2007.08.18"]
[Round "2"]
[White "Harper,H"]
[Black "Bernal,G"]
[Result "0-1"]
[WhiteElo "2120"]
[BlackElo "2107"]

1.d4 d5 2.c4 c6 3.Nf3 Nf6 4.Nc3 dxc4 5.a4 Bf5 6.Ne5 Nbd7 7.Nxc4 Nd5 8.g3 Nxc3
9.bxc3 e5 10.Bg2 exd4 11.cxd4 Be6 12.Qd3 Bb4+ 13.Nd2 O-O 14.O-O a5 15.Bb2 Nb6
16.Rfc1 Re8 17.Nf1 Qd7 18.e4 Rad8 19.d5 c5 20.Qc2 Bh3 21.Ne3 Bxg2 22.Kxg2 Qc7
23.f3 f6 24.Nf5 Qd7 25.Rd1 Kh8 26.d6 Qe6 27.Qd3 Rd7 28.Ne3 c4 29.Qd4 Rxd6  0-1

[Event "17th Chess Festival"]
[Site "Abu Dhabi UAE"]
[Date "2007.08.19"]
[Round "8"]
[White "Ibrahimov,R"]
[Black "Moradiabadi,E"]
[Result "1-0"]
[WhiteElo "2504"]
[BlackElo "2540"]

1.Nf3 Nf6 2.c4 c6 3.Nc3 d5 4.d4 dxc4 5.a4 Bf5 6.Ne5 Nbd7 7.Nxc4 Nb6 8.Ne5 a5
9.Bg5 h6 10.Bh4 Bh7 11.f3 e6 12.e4 Be7 13.Bf2 O-O 14.Be2 Nfd7 15.Nd3 Rc8
16.O-O c5 17.dxc5 Nxc5 18.Nxc5 Bxc5 19.Bxc5 Rxc5 20.Qxd8 Rxd8 21.Rfd1 Rcc8
22.Rab1 f5 23.Kf2 fxe4 24.fxe4 Rf8+ 25.Ke3 Nc4+ 26.Bxc4 Rxc4 27.Rd6 Re8 28.Rb6 Rb4
29.Rb5 Rxb5 30.Nxb5 Rc8 31.Nd6 Rc6 32.Rd1 b6 33.b3 Kf8 34.Nc4 Ke7 35.h4 Bg8
36.e5 Bh7 37.Rd6 Rxd6 38.exd6+ Kd7 39.Kd4 Bc2 40.Nxb6+ Kxd6 41.Nc4+ Kc6 42.g3 g5
43.hxg5 hxg5 44.Nxa5+ Kd7 45.Ke5 Bd1 46.Kd4 Be2 47.Kc3 Bd1 48.Nc4 Kc6 49.Ne3 Be2
50.Kd4 Kd6 51.Nc4+ Kc6 52.b4  1-0

[Event "17th Chess Festival"]
[Site "Abu Dhabi UAE"]
[Date "2007.08.20"]
[Round "9"]
[White "Guliev,Sarh"]
[Black "Sundararajan,K"]
[Result "1-0"]
[WhiteElo "2484"]
[BlackElo "2443"]

1.d4 d5 2.c4 c6 3.Nf3 Nf6 4.Nc3 dxc4 5.a4 Bf5 6.e3 e6 7.Bxc4 Bb4 8.O-O O-O
9.h3 Nbd7 10.Qb3 a5 11.Nh4 Qe7 12.Rd1 Ne4 13.Nxf5 exf5 14.f3 Ng3 15.Qc2 Nf6
16.Bd3 Qe6 17.Qf2 Bd6 18.Re1 Nfh5 19.e4 Nf4 20.exf5 Qh6 21.Qxg3 Nxd3 22.Qg4 Qf6
23.Ne4 Qxd4+ 24.Be3 Qe5 25.Red1 h5 26.Qg5 f6 27.Qg6 Qh2+ 28.Kf1 Ne5 29.Qxh5 Nc4
30.Bg1 Qe5 31.b3  1-0

[Event "Dato Arthur Tan Malaysian Op"]
[Site "Kuala Lumpur MAS"]
[Date "2007.08.20"]
[Round "2"]
[White "Sadorra,J"]
[Black "Hasan,Me"]
[Result "1/2-1/2"]
[WhiteElo "2421"]
[BlackElo "2280"]

1.Nf3 d5 2.d4 Nf6 3.c4 c6 4.Nc3 dxc4 5.a4 Bf5 6.e3 e6 7.Bxc4 Bb4 8.O-O O-O
9.Nh4 Nbd7 10.f3 Bg6 11.e4 e5 12.Nxg6 hxg6 13.Be3 Qe7 14.dxe5 Nxe5 15.Ba2 Bc5
16.Qe2 Rad8 17.Rad1 a5 18.Rxd8 Rxd8 19.f4 Neg4 20.Bxc5 Qxc5+ 21.Kh1 Qe3 22.Qxe3 Nxe3
23.Re1 Nfg4 24.e5 Nc2 25.Re2 Nd4 26.Rd2 Ne6 27.Rxd8+ Nxd8 28.Nd1 Kf8 29.h3 Nh6
30.g4 Ng8 31.Kg2 Ne7 32.Kf3  1/2-1/2

[Event "Dato Arthur Tan Malaysian Op"]
[Site "Kuala Lumpur MAS"]
[Date "2007.08.21"]
[Round "4"]
[White "Ginting,Nas"]
[Black "Wang Rui"]
[Result "0-1"]
[WhiteElo "2393"]
[BlackElo "2482"]

1.Nf3 Nf6 2.c4 c6 3.d4 d5 4.Nc3 dxc4 5.a4 Bf5 6.Ne5 Nbd7 7.Nxc4 Nb6 8.Ne5 a5
9.g3 e6 10.Bg2 Bb4 11.O-O O-O 12.e3 h6 13.Qe2 Bh7 14.Rd1 Nfd7 15.Nxd7 Nxd7
16.e4 Qe7 17.Be3 Rfd8 18.Na2 Bd6 19.Nc3 Rac8 20.f4 f6 21.Kh1 Bc7 22.Bg1 Re8
23.Qc4 Kh8 24.Qb3 Qb4 25.Qc2 Bb6 26.Rd2 Qf8 27.Qb3 Rb8 28.Qd1 Bg8 29.g4 Bc7
30.Be3 Bd6 31.g5 f5 32.gxh6 gxh6 33.e5 Bb4 34.Qh5 Bf7 35.Qh3 Qg7 36.Bf3 Rg8
37.Bf2 Be7 38.Bh4 Bxh4 39.Qxh4 Kh7 40.Rg2 Qf8 41.Rag1 Rxg2 42.Rxg2 Qd8 43.Qh3 Nf8
44.Qg3 Ng6 45.Bh5 Qg8 46.Ne2 Qg7 47.Qc3 Qf8 48.Bxg6+ Bxg6 49.Qxa5 Qd8 50.Qc5 Bh5
51.Ng1 Qd7 52.a5 Bd1 53.h3 Bb3 54.Kh2 Bd5 55.Rg3 Qf7 56.Ne2 Rg8 57.Rxg8 Kxg8
58.Ng3 h5 59.Qd6 Qe8 60.h4 Kh8 61.Nf1 Qa8 62.b4 Qa6 63.Qf8+ Kh7 64.Qf7+ Kh6
65.Qf8+ Kh7 66.Qe7+ Kg6 67.Qe8+ Kh7 68.Qxh5+ Kg7 69.Qg5+ Kf8 70.Ng3 Qd3 71.Qh6+ Ke7
72.Qg7+ Ke8  0-1

[Event "Independence Cup A"]
[Site "Kyiv UKR"]
[Date "2007.08.21"]
[Round "9"]
[White "Dzupin,D"]
[Black "Julin,A"]
[Result "1/2-1/2"]
[WhiteElo "2298"]
[BlackElo "2236"]

1.d4 d5 2.c4 c6 3.Nc3 Nf6 4.Nf3 dxc4 5.a4 Bf5 6.Nh4 Bg6 7.Nxg6 hxg6 8.e4 e6
9.Bxc4 Bb4 10.f3 Nbd7 11.Be3 Qa5 12.Qb3 b5 13.Be2 bxa4 14.Rxa4 Bxc3+ 15.bxc3 Qc7
16.g3 O-O 17.O-O Rfb8 18.Qa3 a5 19.Ra1 Nb6 20.Rxa5 Rxa5 21.Qxa5 Ra8 22.Qxa8+ Nxa8
23.Rxa8+ Kh7  1/2-1/2

[Event "Dato Arthur Tan Malaysian Op"]
[Site "Kuala Lumpur MAS"]
[Date "2007.08.22"]
[Round "5"]
[White "Irwanto,S"]
[Black "Simanjuntak,S"]
[Result "1-0"]
[WhiteElo "2456"]
[BlackElo "2271"]

1.d4 d5 2.Nf3 Nf6 3.c4 c6 4.Nc3 dxc4 5.a4 Bf5 6.Ne5 Nbd7 7.Nxc4 Nb6 8.Ne5 a5
9.f3 e6 10.e4 Bg6 11.Be2 Nfd7 12.Nxd7 Nxd7 13.Be3 Bb4 14.O-O O-O 15.Qb3 Qe7
16.Rfd1 Kh8 17.Na2 b6 18.Nxb4 axb4 19.Bd2 c5 20.dxc5 bxc5 21.Bb5 f5 22.Bf4 Rfd8
23.exf5 Bxf5 24.Bc7 Rdc8 25.Rxd7 Qf6 26.Re1 c4 27.Qxb4 e5 28.Bxe5 Qh4 29.Rxg7  1-0